000 00700nja a2200205 a 4500
003 BLK
005 20180422124025.0
008 180414c bul|r|ner|||| 00| c0bul d
010 _aNOT00002922020
040 _aBLK
100 1 _aМанолов, Емануил
_eпърви автор
_9380434
700 1 _aВазов, Иван Минчов
_eтекст
_9363396
245 1 0 _aПреградите на България
_cЕмануил Манолов; текст Иван Минчов Вазов.
257 _aBGR
380 _a7
773 _0313576
_9666264
_aМанолов, Емануил
_tНа България
852 _aЦб М 1544
942 _cNOT
_n0
944 _aCR
_c10.07.2008
_kИрена_Линкова
944 _aED
_c30.11.2009
_k
999 _c313596
_d313596